Top 10 NBA Centers 2K26 - Statistics

General Stats
  • This quiz has been taken 61 times
    23 since last reset
  • The average score is 7 of 10
Answer Stats
OVR Player % Correct
98 Nikola Jokić
100%
90 Karl-Anthony Towns
85%
95 Victor Wembanyama
85%
93 Anthony Davis
80%
88 Alperen Şengün
75%
90 Joel Embiid
75%
88 Bam Adebayo
65%
86 Ivica Zubac
55%
86 Kristaps Porziņģis
55%
88 Jalen Duren
50%
No matching quizzes found
Score Distribution
Percent of People with Each Score
Percentile by Number Answered
Your Score History
You have not taken this quiz since the last reset